00442nam a22001817i 45000010005000000030004000050050017000090070003000260080041000290240014000700400008000841000019000922450040001112600029001513000011001804900026001915000043002178485OSt20170126082411.0tu161220s1972 xxu||||| |||| 00| 0 d7 a84852RID cOSt1 aRiha, Ladislav00aUrcovani efektivnosti za socialismu aPraha :bSvoboda,c1972. a342 S. aekonomie a spolecnost00aDie Effizienzbestimmung im Sozialismus